Az én Mackóm

Bibliographic Details
Main Authors: Dudek, Adolf, 1964- (Author), Aleksandrova, Zinaida Jevgenieva (Author)
Other Authors: Rab, Zsuzsa, 1926-1998 (Translator)
Format: Book
Language:Hungarian
Russian
PhysicalDescription:[10] s. 15x19 cm
Published: Bratislava Mladé letá 1995
ISBN:8006005850
Subjects:

MARC

LEADER 00000cam a2200000 a 4500
001 vtls001058318
003 SK-MaSNL
005 20260301232542.0
008 240314s1995 xo a g 000 p hun
015 |a SNBA1995/0702028 
020 |a 8006005850 
035 |a SNK000001134 
035 |a urn:nbn:sk:snk-am3hfpr 
035 |a 35DAE28B-6BC0-400C-B467-4B9FDA29096A 
035 |a urn:nbn:sk:snk-am00cypt 
040 |a SNK  |b slo  |c SNK  |e AACR2 
041 1 |a hun  |h rus 
044 |a xo  |c SK 
080 |a 882-1(087.5)=945.11  |2 1981 
100 1 |a Dudek, Adolf,  |d 1964-  |4 aut  |9 92432 
240 1 0 |a Moj Miška  |l Maďarsky 
245 1 3 |a Az én Mackóm  |c rajzolta Adolf Dudek ; [szerző Alekszandrova Z.] ; [fordíttota Rab Zsuzsa] 
260 |a Bratislava  |b Mladé letá  |c 1995 
300 |a [10] s.  |c 15x19 cm 
650 0 7 |a ruská literatúra  |2 SNKPH  |9 1204 
650 0 7 |a leporelá  |2 SNKPH  |9 284032 
655 7 |a literatúra pre deti  |2 SNKPH  |9 87135 
700 1 |a Aleksandrova, Zinaida Jevgenieva  |4 aut  |9 626394 
700 1 |a Rab, Zsuzsa,  |d 1926-1998  |4 trl  |9 111652 
919 |a 80-06-00585-0 
958 |a TL 
958 |a LX 
958 |a DB 
958 |a BQ 
958 |a HU 
999 |c 961749  |d 963679 
952 |t P60, <09>, [BOOK], {629}  |a SNK  |b SNK  |y NEVYP  |7 0  |o snkE 89  |i snk1989/950615  |0 0  |1 0  |4 0  |d 1995-06-13  |l 0  |r 2004-12-31 00:00:00  |w 2026-02-24 
952 |t P60, <03>, [BOOK], {603}  |a SNK  |b SNK  |y PREZ  |7 0  |p 17A0787110  |o snkSE 8979  |i snkKSP 5973/95  |0 0  |1 0  |4 0  |d 1995-06-13  |f 1  |l 0  |r 2004-12-31 00:00:00  |w 2026-02-24 
952 |t P60, <05>, [BOOK], {605}  |a SNK  |b SNK  |y PREZ  |7 0  |p 17A0096705  |o snkSE 8979 D1  |i snkKSP 5974/95  |0 0  |1 0  |4 0  |d 1995-06-13  |l 0  |r 2004-12-31 00:00:00  |w 2026-02-24